Tolerancia y sicología /

保存先:
書誌詳細
第一著者: Calviño, Manuel
フォーマット: テキスト
主題:
タグ: タグ追加
タグなし, このレコードへの初めてのタグを付けませんか!

MARC

LEADER 00000 a a2200000 04500
001 44044
003
040
100 |a Calviño, Manuel  
245 |a Tolerancia y sicología /  |c Manuel Calviño  
650 |a PSICOLOGIA  
773 |g número3 ( , 1996), páginas 34-39  
999 |c 35089  |d 35089